[Event "20. Open Ciutat de Montcada 2010"]
[Site "Montcada i Reixac ESP"]
[Date "2012.06.25"]
[Round "1.1"]
[White "Quesada Perez, Yuniesky"]
[Black "Ramirez Garcia, Jorge Alberto"]
[Result "1-0"]
[WhiteElo "2625"]
[BlackElo "2234"]
[PlyCount "113"]
[EventDate "2012.06.25"]
[EventType "swiss"]
[EventRounds "9"]
[EventCountry "ESP"]
[Source "lmi"]
[SourceDate "2012.06.25"]

1. e4 e6 2. d4 d5 3. Nc3 Nf6 4. e5 Nfd7 5. f4 c5 6. Nf3 Nc6 7. Be3 Rb8 8. Qd2
Qa5 9. Be2 b5 10. O-O b4 11. Nd1 Ba6 12. Nf2 Be7 13. Bxa6 Qxa6 14. dxc5 Bxc5
15. Nd3 Bxe3+ 16. Qxe3 Qb6 17. Qf2 Ke7 18. b3 Rhc8 19. a3 Rc7 20. g3 h6 21. Kg2
Qxf2+ 22. Rxf2 a5 23. axb4 Nxb4 24. Nxb4 axb4 25. Nd4 g6 26. Rff1 Rb6 27. Ra8
Nb8 28. Rfa1 Nc6 29. Nf3 Rb8 30. R8a6 Rbb7 31. R1a2 Na7 32. R6a4 Nc6 33. Kf2
Rb8 34. Ke3 Rbc8 35. Ra8 g5 36. Ne1 f6 37. Nd3 Kf7 38. R2a4 gxf4+ 39. gxf4 fxe5
40. fxe5 Kg6 41. Ra1 Rxa8 42. Rxa8 Ne7 43. Kd2 Nc6 44. Rf8 Rf7 45. Nf4+ Kg7 46.
Nxe6+ Kg6 47. Nf4+ Kg7 48. Rxf7+ Kxf7 49. Ke2 Nxe5 50. Nxd5 Nc6 51. Ke3 Ke6 52.
Ke4 Kd6 53. Ne3 Ke6 54. Nf5 h5 55. Ng7+ Kd6 56. Nxh5 Kc5 57. Nf4 1-0

[Event "20. Open Ciutat de Montcada 2010"]
[Site "Montcada i Reixac ESP"]
[Date "2012.06.25"]
[Round "1.2"]
[White "Wilschut, Peter"]
[Black "Peralta, Fernando"]
[Result "0-1"]
[WhiteElo "2233"]
[BlackElo "2590"]
[PlyCount "100"]
[EventDate "2012.06.25"]
[EventType "swiss"]
[EventRounds "9"]
[EventCountry "ESP"]
[Source "lmi"]
[SourceDate "2012.06.25"]

1. c4 e6 2. Nc3 d5 3. e3 Nf6 4. Nf3 c5 5. Qc2 Nc6 6. Be2 d4 7. exd4 cxd4 8. Ne4
Nxe4 9. Qxe4 Be7 10. Ne5 Nxe5 11. Qxe5 O-O 12. d3 Bb4+ 13. Bd2 f6 14. Qb5 Bxd2+
15. Kxd2 Bd7 16. Qb4 Bc6 17. Rag1 a5 18. Qc5 a4 19. Bf3 Ra5 20. Qb4 Qc7 21. Kc2
Rf5 22. Re1 e5 23. Rhf1 Bxf3 24. gxf3 Qc6 25. Rg1 Rf7 26. Rg3 Rxf3 27. Re2 b6
28. Rxf3 Qxf3 29. Kd2 Qc6 30. Re4 g5 31. h4 h6 32. Ke2 Kg7 33. h5 Qc5 34. Qxc5
bxc5 35. Kf3 Rb7 36. Re2 Kf7 37. Kg4 Ke6 38. f3 f5+ 39. Kg3 Kf6 40. Kh3 Ra7 41.
Kg3 Rg7 42. Re1 g4 43. b3 a3 44. Rb1 f4+ 45. Kg2 gxf3+ 46. Kxf3 Rg3+ 47. Ke4
Ke6 48. Re1 f3 49. b4 f2 50. Ra1 Re3# 0-1

[Event "20. Open Ciutat de Montcada 2010"]
[Site "Montcada i Reixac ESP"]
[Date "2012.06.25"]
[Round "1.6"]
[White "Gallart Zafra, Jaume"]
[Black "Cordova, Emilio"]
[Result "0-1"]
[WhiteElo "2210"]
[BlackElo "2566"]
[PlyCount "82"]
[EventDate "2012.06.25"]
[EventType "swiss"]
[EventRounds "9"]
[EventCountry "ESP"]
[Source "lmi"]
[SourceDate "2012.06.25"]

1. e4 c5 2. Nf3 a6 3. d4 cxd4 4. Nxd4 Nf6 5. Nc3 e5 6. Nb3 Bb4 7. Bd3 d6 8. O-O
Bxc3 9. bxc3 Qc7 10. f4 Be6 11. Kh1 Nbd7 12. Qe1 Rc8 13. Ba3 exf4 14. Qh4 Ne5
15. Qxf4 O-O 16. Rad1 Rfe8 17. Qg5 Nfd7 18. h3 Nc5 19. Qe3 b5 20. Qg3 Qb8 21.
Nd4 Qb6 22. Nf5 Bxf5 23. exf5 f6 24. Be2 Ne4 25. Qf4 Nxc3 26. Rxd6 Qa5 27. Bb4
Qxa2 28. Bh5 Rf8 29. Bf3 Qc4 30. Qxc4+ Rxc4 31. Bxc3 Rxc3 32. Bd5+ Kh8 33. Rxa6
Rxc2 34. Rb1 Rc5 35. Be6 Rb8 36. Kg1 h5 37. Rc6 Kh7 38. Ra6 Kh6 39. Ra7 Rd8 40.
Rb3 h4 41. Rb4 Rc1+ 0-1

[Event "20. Open Ciutat de Montcada 2010"]
[Site "Montcada i Reixac ESP"]
[Date "2012.06.25"]
[Round "1.7"]
[White "Cornette, Matthieu"]
[Black "Bendayan Claros, Aaron"]
[Result "1/2-1/2"]
[WhiteElo "2552"]
[BlackElo "2199"]
[PlyCount "122"]
[EventDate "2012.06.25"]
[EventType "swiss"]
[EventRounds "9"]
[EventCountry "ESP"]
[Source "lmi"]
[SourceDate "2012.06.25"]

1. e4 c6 2. Ne2 d5 3. e5 Bf5 4. Ng3 Bg6 5. h4 h5 6. e6 Qd6 7. exf7+ Bxf7 8. d4
e5 9. Be2 Nf6 10. O-O e4 11. Bg5 Nbd7 12. c4 g6 13. cxd5 cxd5 14. Qd2 Bg7 15.
Nc3 a6 16. Bf4 Qe7 17. f3 O-O 18. Bh6 Rae8 19. Bxg7 Kxg7 20. Qg5 Kh7 21. Rae1
Qb4 22. fxe4 Qxd4+ 23. Kh2 dxe4 24. Rd1 Qe5 25. Qxe5 Rxe5 26. Ngxe4 Nxe4 27.
Rxd7 Nxc3 28. Bc4 Na4 29. Rfxf7+ Rxf7 30. Rxf7+ Kh6 31. Rxb7 Re4 32. Bxa6 Rxh4+
33. Kg1 Nc5 34. Rb6 Ra4 35. Bc8 Rxa2 36. Bf5 Kg5 37. Bc2 Kf4 38. Kh2 g5 39. Rb5
Nd7 40. Rf5+ Ke3 41. Rxg5 Rxb2 42. Bg6 Nf6 43. Bxh5 Kf4 44. Ra5 Nxh5 45. Rxh5
Kg4 46. Ra5 Rb3 47. Ra8 Rc3 48. Rg8+ Kh4 49. g3+ Kh5 50. Kh3 Ra3 51. Rb8 Ra4
52. g4+ Kg5 53. Rb5+ Kh6 54. Kh4 Ra6 55. Kg3 Ra4 56. Re5 Rb4 57. Rf5 Ra4 58.
Kh4 Ra6 59. Rf6+ Rxf6 60. g5+ Kg6 61. gxf6 Kxf6 1/2-1/2

[Event "20. Open Ciutat de Montcada 2010"]
[Site "Montcada i Reixac ESP"]
[Date "2012.06.25"]
[Round "1.8"]
[White "Carrasco Rodriguez, Jesus"]
[Black "Margvelashvili, Giorgi"]
[Result "0-1"]
[WhiteElo "2168"]
[BlackElo "2552"]
[PlyCount "104"]
[EventDate "2012.06.25"]
[EventType "swiss"]
[EventRounds "9"]
[EventCountry "ESP"]
[Source "lmi"]
[SourceDate "2012.06.25"]

1. e4 c6 2. d4 d5 3. Nc3 dxe4 4. Nxe4 Bf5 5. Ng3 Bg6 6. Nf3 e6 7. h4 h6 8. h5
Bh7 9. Bd3 Bxd3 10. Qxd3 Nf6 11. Bd2 Be7 12. O-O-O O-O 13. Ne4 Nbd7 14. Kb1 c5
15. dxc5 Nxc5 16. Nxf6+ Bxf6 17. Qb5 Qc7 18. Be3 Rfc8 19. g4 Ne4 20. Qd3 Qc4
21. Nd4 Qxd3 22. Rxd3 Rc4 23. c3 b6 24. f3 Ng5 25. f4 Ne4 26. Nf3 Nc5 27. Rdd1
Na4 28. g5 Bxc3 29. bxc3 Nxc3+ 30. Kb2 Nxd1+ 31. Rxd1 Rac8 32. gxh6 Rc2+ 33.
Kb1 gxh6 34. Bd4 Rg2 35. Bf6 Rg4 36. Rd4 Rg3 37. Ne5 Rg1+ 38. Kb2 Rg2+ 39. Kb3
Rg3+ 40. Kb4 Rgc3 41. Ng4 Rh3 42. Rd7 Rxh5 43. Ne5 a5+ 44. Ka4 Rf8 45. Be7 Ra8
46. Bf6 b5+ 47. Kb3 Rf8 48. Be7 Rc8 49. Bf6 Rf8 50. Be7 Rc8 51. Bf6 b4 52. Nxf7
Rf8 0-1

[Event "20. Open Ciutat de Montcada 2010"]
[Site "Montcada i Reixac ESP"]
[Date "2012.06.25"]
[Round "1.9"]
[White "Del Rio De Angelis, Salvador G"]
[Black "Asensio Linan, Teodoro"]
[Result "1-0"]
[WhiteElo "2542"]
[BlackElo "2145"]
[PlyCount "51"]
[EventDate "2012.06.25"]
[EventType "swiss"]
[EventRounds "9"]
[EventCountry "ESP"]
[Source "lmi"]
[SourceDate "2012.06.25"]

1. d4 Nf6 2. c4 c5 3. d5 e6 4. Nc3 exd5 5. cxd5 d6 6. Nf3 g6 7. Nd2 b6 8. e4
Bg7 9. Bb5+ Bd7 10. Be2 O-O 11. O-O Ne8 12. a4 a6 13. Nc4 Ra7 14. Bf4 Bc8 15.
Qd3 Rd7 16. Ra3 f5 17. exf5 Rxf5 18. Bg3 Bxc3 19. bxc3 Nf6 20. Ne3 Re7 21. c4
Ne4 22. Bh4 g5 23. Nxf5 Bxf5 24. Bxg5 Nxg5 25. Qxf5 Rxe2 26. f4 1-0

[Event "20. Open Ciutat de Montcada 2010"]
[Site "Montcada i Reixac ESP"]
[Date "2012.06.25"]
[Round "1.10"]
[White "Shatko, Danil"]
[Black "Cuartas, Jaime Alexander"]
[Result "0-1"]
[WhiteElo "2144"]
[BlackElo "2523"]
[PlyCount "68"]
[EventDate "2012.06.25"]
[EventType "swiss"]
[EventRounds "9"]
[EventCountry "ESP"]
[Source "lmi"]
[SourceDate "2012.06.25"]

1. d4 d5 2. c4 c6 3. cxd5 cxd5 4. Nc3 Nf6 5. Bf4 Nc6 6. e3 a6 7. Bd3 Bg4 8. f3
Bh5 9. Nge2 e6 10. a3 Bg6 11. g4 Bd6 12. h4 Bxd3 13. Qxd3 O-O 14. Kf2 Re8 15.
Rad1 Rc8 16. Qb1 b5 17. h5 Bxf4 18. Nxf4 e5 19. dxe5 Rxe5 20. Qd3 d4 21. exd4
Qb6 22. Kg2 Ree8 23. g5 Qb8 24. Rh4 Nd7 25. g6 Nf6 26. gxh7+ Nxh7 27. d5 Ne5
28. Qb1 Qb6 29. Re1 Qf6 30. Reh1 Ng5 31. Ne4 Qh6 32. R1h3 Nxh3 33. Kxh3 Nxf3
34. Rg4 f5 0-1

[Event "20. Open Ciutat de Montcada 2010"]
[Site "Montcada i Reixac ESP"]
[Date "2012.06.25"]
[Round "1.11"]
[White "Ibarra Jerez, Jose Carlos"]
[Black "Iagar, Razvan-Gabriel"]
[Result "1-0"]
[WhiteElo "2523"]
[BlackElo "2142"]
[PlyCount "43"]
[EventDate "2012.06.25"]
[EventType "swiss"]
[EventRounds "9"]
[EventCountry "ESP"]
[Source "lmi"]
[SourceDate "2012.06.25"]

1. e4 e6 2. d4 d5 3. Nc3 Nf6 4. Bg5 Be7 5. e5 Nfd7 6. Bxe7 Qxe7 7. Qg4 f5 8.
exf6 Nxf6 9. Qh4 e5 10. dxe5 Qxe5+ 11. Be2 Bg4 12. O-O-O Bxe2 13. Ngxe2 Nc6 14.
Nd4 O-O-O 15. Rhe1 Qd6 16. Ncb5 Qc5 17. Nxc6 bxc6 18. Nd4 Rde8 19. Ne6 Qa5 20.
Qh3 Kb8 21. Re3 Re7 22. Ra3 1-0

[Event "20. Open Ciutat de Montcada 2010"]
[Site "Montcada i Reixac ESP"]
[Date "2012.06.25"]
[Round "1.14"]
[White "Remolar Gallen, Jose"]
[Black "Libiszewski, Fabien"]
[Result "1/2-1/2"]
[WhiteElo "2121"]
[BlackElo "2495"]
[PlyCount "98"]
[EventDate "2012.06.25"]
[EventType "swiss"]
[EventRounds "9"]
[EventCountry "ESP"]
[Source "lmi"]
[SourceDate "2012.06.25"]

1. e4 c5 2. Nf3 Nc6 3. c3 Nf6 4. e5 Nd5 5. d4 cxd4 6. Bc4 Nb6 7. Bb3 d5 8. exd6
Qxd6 9. cxd4 Be6 10. Nc3 Bxb3 11. Qxb3 e6 12. O-O Be7 13. Rd1 Rd8 14. Be3 Qb4
15. Qc2 O-O 16. Rac1 Nd5 17. Qe2 Qa5 18. a3 Nxc3 19. Rxc3 a6 20. Rb1 Qf5 21.
Qc2 Qxc2 22. Rxc2 Bf6 23. Rd1 Rd5 24. Rc5 Rxc5 25. dxc5 Bxb2 26. Rb1 Bxa3 27.
Rxb7 Rb8 28. Rxb8+ Nxb8 29. Kf1 f6 30. Ke2 Kf7 31. Kd3 Nc6 32. Kc4 Ke7 33. Ne1
Bb4 34. Nd3 Ba5 35. f4 Kd7 36. g4 Ne7 37. h4 Kc6 38. Bc1 Nd5 39. g5 Bc7 40. h5
a5 41. Bb2 Nxf4 42. h6 gxh6 43. Nxf4 Bxf4 44. gxf6 h5 45. f7 Bh6 46. Be5 h4 47.
Bf4 Bg7 48. Be5 Bh6 49. Bf4 Bg7 1/2-1/2

[Event "20. Open Ciutat de Montcada 2010"]
[Site "Montcada i Reixac ESP"]
[Date "2012.06.25"]
[Round "1.15"]
[White "Herraiz Hidalgo, Herminio"]
[Black "Abad Sanmartin, Jorge"]
[Result "1/2-1/2"]
[WhiteElo "2489"]
[BlackElo "2102"]
[PlyCount "78"]
[EventDate "2012.06.25"]
[EventType "swiss"]
[EventRounds "9"]
[EventCountry "ESP"]
[Source "lmi"]
[SourceDate "2012.06.25"]

1. d4 Nf6 2. c4 e6 3. Nc3 d5 4. Bg5 Be7 5. e3 c6 6. Rc1 O-O 7. Qc2 Nbd7 8. Nf3
Re8 9. Bd3 h6 10. Bh4 a6 11. O-O dxc4 12. Bxc4 b5 13. Be2 Bb7 14. Rfd1 Qb6 15.
a4 b4 16. Nb1 c5 17. Nbd2 cxd4 18. Nxd4 Rac8 19. Nc4 Qa7 20. a5 Ne5 21. Qa4
Nxc4 22. Bxc4 Qa8 23. f3 Ng4 24. Bxe7 Nxe3 25. Qxb4 Rxc4 26. Rxc4 Nxc4 27. Bc5
Ne3 28. Re1 Nd5 29. Qa3 Qc8 30. b4 e5 31. Nb3 Nf4 32. Nd2 Rd8 33. Qe3 Rd3 34.
Qxe5 Nxg2 35. Qe8+ Qxe8 36. Rxe8+ Kh7 37. Kxg2 Rxd2+ 38. Kg3 Rd3 39. Re3 Rxe3
1/2-1/2

[Event "20. Open Ciutat de Montcada 2010"]
[Site "Montcada i Reixac ESP"]
[Date "2012.06.25"]
[Round "1.17"]
[White "Bakre, Tejas"]
[Black "Chuturkov, Marinko"]
[Result "1-0"]
[WhiteElo "2482"]
[BlackElo "2090"]
[PlyCount "73"]
[EventDate "2012.06.25"]
[EventType "swiss"]
[EventRounds "9"]
[EventCountry "ESP"]
[Source "lmi"]
[SourceDate "2012.06.25"]

1. c4 e5 2. g3 Nc6 3. Bg2 g6 4. Nc3 Bg7 5. e4 Nge7 6. Nge2 O-O 7. d3 d6 8. O-O
Be6 9. Nd5 f5 10. Be3 fxe4 11. dxe4 Qd7 12. c5 Rf7 13. Nxc7 Qxc7 14. cxd6 Qd7
15. dxe7 Qxe7 16. Qa4 Rd8 17. Rad1 a6 18. Bb6 Rxd1 19. Rxd1 Bg4 20. Qc4 Bf8 21.
a3 Kg7 22. h3 Be6 23. Qc2 g5 24. Nc3 Qf6 25. Nd5 Qh6 26. g4 Be7 27. Ne3 Qg6 28.
Nf5+ Kg8 29. Bc5 Qf6 30. Bxe7 Nxe7 31. Rd8+ Rf8 32. Qc7 Bxf5 33. exf5 b5 34.
Rd6 Qg7 35. Rd7 Rf7 36. Rxe7 Rxe7 37. Bd5+ 1-0

[Event "20. Open Ciutat de Montcada 2010"]
[Site "Montcada i Reixac ESP"]
[Date "2012.06.25"]
[Round "1.18"]
[White "Garcia Castellote, Oscar"]
[Black "Cori, Jorge"]
[Result "0-1"]
[WhiteElo "2088"]
[BlackElo "2479"]
[PlyCount "62"]
[EventDate "2012.06.25"]
[EventType "swiss"]
[EventRounds "9"]
[EventCountry "ESP"]
[Source "lmi"]
[SourceDate "2012.06.25"]

1. e4 e6 2. d4 d5 3. Nc3 Bb4 4. e5 c5 5. Bd2 cxd4 6. Nb5 Bc5 7. b4 Bf8 8. Nf3
Nc6 9. a3 a6 10. Nbxd4 Nge7 11. Bd3 Nxd4 12. Nxd4 Ng6 13. f4 Nxe5 14. Be2 Nc6
15. Be3 Be7 16. O-O O-O 17. Qd2 Bf6 18. Rfd1 Qc7 19. Rac1 Nxd4 20. Bxd4 Bxd4+
21. Qxd4 b5 22. f5 Qa7 23. Bf3 Bd7 24. Kh1 Qxd4 25. Rxd4 Rfc8 26. fxe6 fxe6 27.
c4 bxc4 28. Rcxc4 Rxc4 29. Rxc4 dxc4 30. Bxa8 c3 31. Be4 Ba4 0-1

[Event "20. Open Ciutat de Montcada 2010"]
[Site "Montcada i Reixac ESP"]
[Date "2012.06.25"]
[Round "1.19"]
[White "Perez Mitjans, Orelvis"]
[Black "Gonzalez Hernandez, Ferran"]
[Result "1-0"]
[WhiteElo "2471"]
[BlackElo "2086"]
[PlyCount "81"]
[EventDate "2012.06.25"]
[EventType "swiss"]
[EventRounds "9"]
[EventCountry "ESP"]
[Source "lmi"]
[SourceDate "2012.06.25"]

1. e4 c5 2. Nf3 Nc6 3. d4 cxd4 4. Nxd4 Nf6 5. Nc3 d6 6. f3 e5 7. Nb3 Be7 8. Be3
Be6 9. Nd5 Bxd5 10. exd5 Nb4 11. c4 O-O 12. Qd2 Na6 13. Na5 Qc7 14. b4 Nb8 15.
Nb3 Nbd7 16. a4 b6 17. a5 Nh5 18. Be2 f5 19. O-O Qd8 20. axb6 axb6 21. Rxa8
Qxa8 22. Ra1 Qb7 23. Qa2 Rb8 24. Qa6 Nhf6 25. Kf1 Kf8 26. Qxb7 Rxb7 27. Ke1 f4
28. Bg1 g6 29. Bd3 Bd8 30. Ra8 Ke7 31. Bf2 Bc7 32. Rc8 Bb8 33. Bh4 Rc7 34. Rh8
Kf7 35. Kd2 Ba7 36. Rd8 b5 37. c5 dxc5 38. Bxf6 Nxf6 39. d6 Rc6 40. Bxb5 Rb6
41. Bc4+ 1-0

[Event "20. Open Ciutat de Montcada 2010"]
[Site "Montcada i Reixac ESP"]
[Date "2012.06.25"]
[Round "1.20"]
[White "Valencia Jimenez, Jose"]
[Black "Gonzalez Perez, Arian"]
[Result "0-1"]
[WhiteElo "2067"]
[BlackElo "2453"]
[PlyCount "115"]
[EventDate "2012.06.25"]
[EventType "swiss"]
[EventRounds "9"]
[EventCountry "ESP"]
[Source "lmi"]
[SourceDate "2012.06.25"]

1. Nf3 Nf6 2. b3 g6 3. Bb2 Bg7 4. d4 O-O 5. Nbd2 c5 6. e3 b6 7. c4 e6 8. Bd3
Bb7 9. O-O Nc6 10. Re1 d6 11. Rc1 Qe7 12. Bb1 Rad8 13. Nf1 e5 14. d5 Nb8 15.
Ng3 Nbd7 16. e4 Ne8 17. Bc3 Bh6 18. Bd2 Bxd2 19. Qxd2 f6 20. Rc3 Nc7 21. Qh6
Qg7 22. Qd2 Kh8 23. Nh4 Rg8 24. Nf1 Bc8 25. Rg3 Qf7 26. Qh6 Rg7 27. Ne3 Rdg8
28. Bc2 b5 29. a4 bxa4 30. bxa4 Na6 31. Bd1 Nf8 32. Bg4 Bxg4 33. Nxg4 Nd7 34.
Qd2 Rb8 35. Qa5 Rb6 36. Ne3 Nf8 37. Rf3 Qe7 38. Qc3 Rf7 39. Ng4 Qd8 40. Qc1 Nc7
41. Ree3 Qb8 42. Re1 Ne8 43. h3 Rb4 44. a5 Qd8 45. a6 Qb6 46. Nh6 Rg7 47. Ng4
Nd7 48. Ra3 Qd8 49. Ne3 f5 50. Nf3 f4 51. Nf1 g5 52. N1d2 h5 53. Rb3 g4 54.
hxg4 hxg4 55. Nh2 Qh4 56. g3 Qh3 57. Rd3 Rh7 58. gxf4 0-1

[Event "20. Open Ciutat de Montcada 2010"]
[Site "Montcada i Reixac ESP"]
[Date "2012.06.26"]
[Round "2.4"]
[White "Aroshidze, Levan"]
[Black "Cori T, Deysi"]
[Result "1-0"]
[WhiteElo "2582"]
[BlackElo "2386"]
[PlyCount "91"]
[EventDate "2012.06.25"]
[EventType "swiss"]
[EventRounds "9"]
[EventCountry "ESP"]
[Source "lmi"]
[SourceDate "2012.06.25"]

1. e4 e6 2. d4 d5 3. Nc3 Nf6 4. e5 Nfd7 5. f4 c5 6. Nf3 Nc6 7. Be3 Be7 8. Qd2
O-O 9. dxc5 Bxc5 10. O-O-O Qa5 11. Nd4 Bb4 12. Nb3 Bxc3 13. Nxa5 Bxd2+ 14. Bxd2
f6 15. exf6 Nxf6 16. Nxc6 bxc6 17. g3 c5 18. Bg2 Ba6 19. Rhe1 Rae8 20. Bc3 d4
21. Ba5 Ng4 22. Bc7 Ne3 23. Rd2 Rf7 24. Be5 Bb7 25. Bf1 Bd5 26. Bb5 Rc8 27. b3
a6 28. Be2 Rd7 29. Kb1 Rc6 30. c3 Rb7 31. Ka1 a5 32. Rc1 dxc3 33. Rxc3 Nf5 34.
Rdc2 Rb4 35. Rxc5 Rxc5 36. Rxc5 Re4 37. Bd3 Re1+ 38. Kb2 Be4 39. Bc4 Bd5 40.
Rc8+ Kf7 41. Rc7+ Ke8 42. Bd3 Be4 43. Bc3 Re3 44. Bb5+ Kf8 45. Bxa5 Rf3 46. Bb6
1-0

[Event "20. Open Ciutat de Montcada 2010"]
[Site "Montcada i Reixac ESP"]
[Date "2012.06.26"]
[Round "2.5"]
[White "Valdes, Leonardo"]
[Black "Hernandez Carmenates, Holden"]
[Result "0-1"]
[WhiteElo "2375"]
[BlackElo "2570"]
[PlyCount "100"]
[EventDate "2012.06.25"]
[EventType "swiss"]
[EventRounds "9"]
[EventCountry "ESP"]
[Source "lmi"]
[SourceDate "2012.06.25"]

1. Nf3 d5 2. d4 Nf6 3. e3 c6 4. c4 Bg4 5. Qb3 Qb6 6. Qxb6 axb6 7. Nc3 e6 8. Bd2
Nbd7 9. Bd3 Be7 10. cxd5 exd5 11. O-O O-O 12. a4 Bb4 13. Ne2 Bd6 14. Rfc1 Ra7
15. b3 Ne4 16. Be1 f5 17. Nd2 Bb4 18. Nxe4 Bxe1 19. Nf6+ Nxf6 20. Rxe1 Bxe2 21.
Bxe2 Kf7 22. Rac1 Raa8 23. Bd3 g6 24. f3 Rfe8 25. Kf2 Ke6 26. Re2 Kd6 27. Rc3
Re7 28. Rec2 Rae8 29. Bf1 g5 30. b4 f4 31. exf4 gxf4 32. b5 Re3 33. bxc6 Rxc3
34. Rxc3 bxc6 35. Be2 Ra8 36. Bd1 c5 37. Rb3 Nd7 38. Rc3 Nf8 39. g3 Ne6 40.
gxf4 Nxd4 41. Ra3 b5 42. Re3 c4 43. axb5 Ra1 44. Re1 c3 45. b6 Kc6 46. f5 Ra2+
47. Kf1 Nxf5 48. Re6+ Kc5 49. Re5 Ra1 50. Re1 Nd4 0-1

[Event "20. Open Ciutat de Montcada 2010"]
[Site "Montcada i Reixac ESP"]
[Date "2012.06.26"]
[Round "2.7"]
[White "Margvelashvili, Giorgi"]
[Black "Fenollar Jorda, Manuel"]
[Result "1-0"]
[WhiteElo "2552"]
[BlackElo "2354"]
[PlyCount "63"]
[EventDate "2012.06.25"]
[EventType "swiss"]
[EventRounds "9"]
[EventCountry "ESP"]
[Source "lmi"]
[SourceDate "2012.06.25"]

1. b3 d5 2. Bb2 Nf6 3. e3 c6 4. Be2 g6 5. Nf3 Bg4 6. h3 Bxf3 7. Bxf3 Bg7 8. O-O
O-O 9. c4 Re8 10. d4 Nbd7 11. Nc3 e6 12. Rc1 a6 13. Qc2 b5 14. Rfd1 Nb6 15. Be2
Qe7 16. Nb1 Rec8 17. Nd2 b4 18. c5 Nbd7 19. a3 a5 20. f4 Ne8 21. Nf3 f6 22. Bf1
e5 23. e4 dxe4 24. Qxe4 f5 25. Bc4+ Kf8 26. Qc2 e4 27. Ng5 Nef6 28. axb4 axb4
29. Qd2 Ra2 30. Ra1 e3 31. Qe2 Rca8 32. Ne6+ 1-0

[Event "20. Open Ciutat de Montcada 2010"]
[Site "Montcada i Reixac ESP"]
[Date "2012.06.26"]
[Round "2.8"]
[White "Rios, Cristhian Camilo"]
[Black "Del Rio De Angelis, Salvador G"]
[Result "1/2-1/2"]
[WhiteElo "2372"]
[BlackElo "2542"]
[PlyCount "111"]
[EventDate "2012.06.25"]
[EventType "swiss"]
[EventRounds "9"]
[EventCountry "ESP"]
[Source "lmi"]
[SourceDate "2012.06.25"]

1. d4 d6 2. e4 Nf6 3. Nc3 g6 4. Bg5 Bg7 5. Qd2 c6 6. f4 O-O 7. Nf3 d5 8. Bxf6
exf6 9. exd5 cxd5 10. O-O-O Nc6 11. h3 a6 12. g4 b5 13. Kb1 Na5 14. f5 Nc4 15.
Bxc4 bxc4 16. Qf4 Ra7 17. Rde1 Rb7 18. Rh2 Qa5 19. Nd1 Bd7 20. Re7 Rd8 21. Rhe2
Qb6 22. fxg6 hxg6 23. Ne5 g5 24. Nxd7 gxf4 25. Nxb6 Rxb6 26. Rf2 Bh6 27. h4 Re6
28. Rxe6 fxe6 29. g5 fxg5 30. hxg5 Bf8 31. Rxf4 Be7 32. Nf2 Kg7 33. g6 Kxg6 34.
Ng4 Kg5 35. Rf7 Kxg4 36. Rxe7 Kf4 37. a4 Rb8 38. c3 Rb6 39. Rf7+ Ke4 40. Ra7
Kf5 41. a5 Rd6 42. Rf7+ Kg6 43. Rb7 Kf6 44. Ka2 e5 45. Rb6 Ke6 46. dxe5 Kxe5
47. Ka3 d4 48. cxd4+ Rxd4 49. Rxa6 Kd5 50. Kb4 Rd2 51. Kc3 Rd3+ 52. Kc2 Kc5 53.
Rb6 Rd7 54. Rh6 Kb5 55. a6 Rg7 56. Rf6 1/2-1/2

[Event "20. Open Ciutat de Montcada 2010"]
[Site "Montcada i Reixac ESP"]
[Date "2012.06.26"]
[Round "2.9"]
[White "Cuartas, Jaime Alexander"]
[Black "Arribas Robaina, Maritza"]
[Result "1-0"]
[WhiteElo "2523"]
[BlackElo "2312"]
[PlyCount "95"]
[EventDate "2012.06.25"]
[EventType "swiss"]
[EventRounds "9"]
[EventCountry "ESP"]
[Source "lmi"]
[SourceDate "2012.06.25"]

1. e4 e6 2. d4 d5 3. Nc3 Bb4 4. e5 c5 5. a3 Bxc3+ 6. bxc3 Qc7 7. Nf3 Ne7 8. a4
b6 9. Bb5+ Bd7 10. Bd3 c4 11. Be2 Bc6 12. O-O a5 13. Ba3 Qd7 14. Qb1 Nc8 15.
Ng5 h6 16. Nh3 Na6 17. f4 g6 18. g4 Kd8 19. Kh1 Nc7 20. f5 exf5 21. gxf5 gxf5
22. Nf4 Ne6 23. Nh5 Ng5 24. Qe1 Bxa4 25. Ra2 Bc6 26. Ng7 Na7 27. Nxf5 Nb5 28.
Be7+ Kc7 29. Bxg5 hxg5 30. Qg3 Kb7 31. Bg4 Qd8 32. Rb2 Ka6 33. Rfb1 Rb8 34. Kg1
Qf8 35. Ra2 Bd7 36. Rf1 Bxf5 37. Rxf5 Qe7 38. Rf6 Nc7 39. Qf3 Rh7 40. Ra1 Rd8
41. Rf1 a4 42. Ra1 Ka5 43. Qf1 b5 44. Rc6 Na6 45. Qb1 Rb8 46. Bc8 Ra8 47. Rxa4+
Kxa4 48. Bxa6 1-0

[Event "20. Open Ciutat de Montcada 2010"]
[Site "Montcada i Reixac ESP"]
[Date "2012.06.26"]
[Round "2.10"]
[White "Vehi Bach, Victor Manuel"]
[Black "Ibarra Jerez, Jose Carlos"]
[Result "0-1"]
[WhiteElo "2359"]
[BlackElo "2523"]
[PlyCount "60"]
[EventDate "2012.06.25"]
[EventType "swiss"]
[EventRounds "9"]
[EventCountry "ESP"]
[Source "lmi"]
[SourceDate "2012.06.25"]

1. e4 c5 2. Nf3 e6 3. d4 cxd4 4. Nxd4 a6 5. Bd3 Nf6 6. O-O e5 7. Bg5 h6 8. Bxf6
Qxf6 9. Ne2 Bc5 10. Nbc3 O-O 11. Nd5 Qd8 12. Ng3 d6 13. a4 Nc6 14. c3 Ne7 15.
Bc4 Ng6 16. Nf5 Qg5 17. Qf3 Nh4 18. Nxh4 Qxh4 19. Ne3 Be6 20. Nf5 Qg5 21. Qd3
Rad8 22. Bd5 g6 23. Ng3 Bc8 24. b4 Ba7 25. Ne2 Kg7 26. Rad1 f5 27. Qg3 f4 28.
Qxg5 hxg5 29. Rd3 g4 30. Rfd1 g3 0-1

[Event "20. Open Ciutat de Montcada 2010"]
[Site "Montcada i Reixac ESP"]
[Date "2012.06.26"]
[Round "2.11"]
[White "Cruz, Cristhian"]
[Black "Anurag, Mhamal"]
[Result "1-0"]
[WhiteElo "2507"]
[BlackElo "2295"]
[PlyCount "132"]
[EventDate "2012.06.25"]
[EventType "swiss"]
[EventRounds "9"]
[EventCountry "ESP"]
[Source "lmi"]
[SourceDate "2012.06.25"]

1. d4 d5 2. c4 c6 3. Nf3 Nf6 4. Nc3 dxc4 5. a4 Bf5 6. Ne5 Nbd7 7. Nxc4 Qc7 8.
g3 e5 9. dxe5 Nxe5 10. Bf4 Nfd7 11. Bg2 f6 12. O-O Nc5 13. Ne3 Bg6 14. b4 Ne6
15. b5 Rd8 16. Qc2 Nd4 17. Qb2 Bc5 18. a5 O-O 19. a6 bxa6 20. bxc6 Rb8 21. Qa2+
Bf7 22. Qxa6 Rb6 23. Qxa7 Qxa7 24. Rxa7 Rb3 25. Rxf7 Nxf7 26. Ned5 Nxc6 27. Na4
Ba7 28. Nxf6+ gxf6 29. Bxc6 Rc8 30. Bd5 Rb4 31. Ra1 Kg7 32. Ra2 Bd4 33. Kg2 Rd8
34. Be6 Ng5 35. Bf5 Rd5 36. Bc2 Be5 37. Be3 Bd4 38. Bd2 Rb8 39. h4 Nf7 40. Nc3
Rc5 41. Ne4 Rcc8 42. g4 Rb2 43. Rxb2 Bxb2 44. Bb3 Rb8 45. Be6 Rb6 46. Bf5 Nd6
47. Ng3 Nxf5 48. Nxf5+ Kf7 49. f4 Ba3 50. Kf3 Rb3+ 51. e3 Bc5 52. Bc1 Ke6 53.
Kf2 Ra3 54. Ng3 Kf7 55. g5 Bb6 56. gxf6 Kxf6 57. Ne4+ Kg6 58. Nd2 Kh5 59. Nc4
Rb3 60. Nxb6 Rxb6 61. f5 Rb5 62. e4 h6 63. Be3 Kxh4 64. f6 Rb2+ 65. Kf3 Kh5 66.
Kf4 Rb3 1-0

[Event "20. Open Ciutat de Montcada 2010"]
[Site "Montcada i Reixac ESP"]
[Date "2012.06.26"]
[Round "2.14"]
[White "Cori, Jorge"]
[Black "Gomez Jurado, Luis Alberto"]
[Result "1-0"]
[WhiteElo "2479"]
[BlackElo "2270"]
[PlyCount "73"]
[EventDate "2012.06.25"]
[EventType "swiss"]
[EventRounds "9"]
[EventCountry "ESP"]
[Source "lmi"]
[SourceDate "2012.06.25"]

1. d4 d5 2. c4 c6 3. e3 Nf6 4. Nc3 e6 5. Qc2 Nbd7 6. Nf3 Bd6 7. Bd3 O-O 8. O-O
a6 9. Rd1 dxc4 10. Bxc4 b5 11. Be2 c5 12. dxc5 Bxc5 13. a4 b4 14. Ne4 Qb6 15.
a5 Qa7 16. Nxc5 Qxc5 17. Qb3 Bb7 18. Bd2 Rab8 19. Rdc1 Qh5 20. Qd1 Rfd8 21. Nd4
Qg6 22. Qf1 Ne5 23. Bxb4 Be4 24. Be7 Rd7 25. Bxf6 gxf6 26. f3 Bd3 27. Rc3 Rxb2
28. Bxd3 Nxd3 29. Rxd3 e5 30. Rb3 Rd2 31. Ne2 Qc2 32. Rc3 Qb2 33. Rc8+ Kg7 34.
Ng3 f5 35. Rb1 Rxg2+ 36. Qxg2 Qxb1+ 37. Nf1+ 1-0